| 000 | 00390nam a22001217a 4500 | ||
|---|---|---|---|
| 082 |
_a629.4 _bNAT |
||
| 245 | _aThe study on national transport plan in the Islamic Republic of Pakistan: Final Report / Volume II Studies by Sub-sector/ | ||
| 260 |
_bA. C. P. C. I _c1995 |
||
| 300 | _aVarious Paging,; | ||
| 526 |
_a0 _b0 _c0 _d629_400000000000000_NAT |
||
| 650 |
_aMCE _9379 |
||
| 942 |
_2ddc _cBK |
||
| 999 |
_c550676 _d550676 |
||